000 00635nam a2200193 a 4500
001 000033911
005 20200930070623.0
008 110914s2007 xxu 000 0 spa d
020 _a9789213230503
040 _aDO-SdBNP
_bspa
_cBNPHU
100 1 _aMilosavljeviç Vivian
_959354
245 1 0 _aEstadísticas para la equidad de género :
_bmagnitudes y tendencias en América Latina /
_cVivian Milosavljevic.
260 _aNew York :
_bUnited Nations,
_c2007.
300 _a186 p. ;
_c23 cm.
490 1 _aCuaderno de la Cepal
_v92
504 _aBibliografía :
_b183 -186
830 0 _aCuaderno de la Cepal
_v92
_959355
049 _aBNPD
999 _c33402
_d33402